00800na a2200217 450000100060000000300080000600500170001400800410003102000150007204000250008704100080011208200300012010000190015024501060016926000710027530000240034649000110037061000680038161000740044965000590052316768MIRAKIL20190415155153.0161013b tu 000 0  a9944890693 aMilasbturcTR-AnCHP atur a347.03502643bT34ö 2006 aTekin, Önder aÖzelleştirme uygulamalarına ilişkin anayasa mahkemesi ve danıştay kararlarıcÖnder Tekin aAnkarabTMMOB Elektrik Mühendisleri Odası Ankara Şubesic2006 axiv, 801 s.c29 sm. aEMOv2 aDanıştayxMahkeme kararlarıyÖzelleştirme uygulamaları aAnayasa MahkemesixMahkeme kararlarıyÖzelleştirme uygulamaları aEkonomixÖzelleştirmeyTürkiyezHukuk ve mevzuat